Клуб "100 ключів" (Запис № 580628)

МАРК-запис
000 -Лідер
fixed length control field 01293 a2200253 4500
001 - Контрольний номер
control field 2162214035926770
003 - Ідентифікатор контрольного номера
control field UA-OsUOA
005 - Дата та час останнього входження (трансакції)
control field 20260430143958.0
008 - Елементи даних фіксованої довжини – загальна інформація
fixed length control field 260430b -ura|||| |||| 00| f ukr d
040 ## - Джерело каталогізації
Агенція оригінальної каталогізації UA-OsUOA
Мова каталогізації ukr
Агенція, яка здійснювала перезапис UA-OsUOA
Агенція, яка здійснювала модифікацію UA-OsUOA
041 ## - Код мови
Код мови тексту/ звукової доріжки чи окремого заголовка (П) ukr
080 ## - Індекс Універсальної десяткової класифікації
Індекс Універсальної десяткової класифікації (УДК) (НП) 821.161.2(44)
090 ## - Локальний шифр розміщення
Класифікаційний індекс УДК 821.161.2(44)
Авторський знак (НП) C37
100 ## - Основне введення – ім’я особи
Ім’я особи (НП) Сіменон Ж.
9 (RLIN) 25148
245 ## - Відомості про назву
Назва (НП) Клуб "100 ключів"
Дані про відповідальність (НП) Жорж Сіменон ; перекл. з французької Миколи Мещеряка
260 ## - Публікація, розповсюдження і т.п. (Вихідні дані)
Місце публікації, розповсюдження і т.п. (П) Київ
Ім’я/ наймення видавництва, розповсюджувача і т.п. (П) Вид-во ЦК ЛКСМУ "Молодь"
Дата публікації, розповсюдження і т.п. (П) 1981
300 ## - Фізичний опис
Обсяг 336 с.
520 ## - Резюме і т.п.
Резюме, реферат, анотація, тощо (НП) У збірник входять три романи французького письменника: "Жовтий "ягуар", "Мегре та старенька пані" і "Клуб "100 ключів". Їх об'єднує одна соціальна тема - становище молоді в сучасному буржуазному суспільстві.
650 ## - Додаткове предметне введення – тематичний термін
Тематичний термін чи географічна назва, як елемент введення (НП) 821 Художня література окремими мовами і мовними сім'ями
9 (RLIN) 17
700 1# - Додаткове введення – ім'я особи
Ім’я особи (НП) Мещеряк М.
9 (RLIN) 25149
942 ## - Додаткові елементи входу (Коха)
Тип елемента Koha Книги
Source of classification or shelving scheme Universal Decimal Classification
955 ## - Код типу видання за змістом
Код типу видання за змістом (НП) Літературно-художні видання
Фонди
Стан вилучень Стан втрат Джерело класифікації або схеми стелажів Стан уражень Не для кредиту Код колекції Постійне місце розташування Поточне розміщення Дата придбання Джерело придбання Вартість, звичайна ціна покупки Інвентарний номер Усього замовленно Повний номер виклику Штрих-код Дата останнього перегляду Вартість, ціна заміни Ціна ефективна від Тип елемента Koha
    Universal Decimal Classification     Колекція Шевчука Валерія АБ - Абонемент НБ АБ - Абонемент НБ 28/04/2026 Акт №24/28.04.2026 25.00 169890   821.161.2(44) C37 169890 30/04/2026 25.00 30/04/2026 Книги